[Event "Skakligaen"]
[Site "Danmark"]
[Date "2019.01.12"]
[Round "5.3"]
[White "Aabling Thomsen, Jakob"]
[Black "Bjerre, Jonas Buhl"]
[Result "0-1"]
[WhiteElo "2369"]
[BlackElo "2463"]
[EventDate "2018.10.27"]
[EventType "team-tourn"]
[EventRounds "9"]
[EventCountry "Danmark"]
[WhiteTeam "Bronshoj"]
[BlackTeam "Skanderborg"]
[WhiteTeamCountry "DEN"]
[BlackTeamCountry "DEN"]
[WhiteFideId "1407589"]
[BlackFideId "1444948"]

1. d4 Nf6 2. Bg5 Ne4 3. h4 d5 4. Nf3 c5 5. Nbd2 f6 6. dxc5 fxg5 7. Nxe4 dxe4 8. Qxd8+ Kxd8 9. Nxg5 Kc7 10. Nxe4 Bf5 11. Nc3 e5 12. b4 b6 13. g4 Be6 14. Bg2 Nc6 15. O-O-O Rc8 16. Nb5+ Kb8 17. Nd6 Rc7 18. Nb5 Nxb4 19. Nxc7 Kxc7 20. c3 Nc6 21. cxb6+ Kxb6 22. Bd5 Bxg4 23. f3 Bh5 24. Kc2 Bc5 25. Rb1+ Kc7 26. Rb5 Bb6 27. Bxc6 Kxc6 28. Rxe5 Bg6+ 29. e4 Bc7 30. Re7 Rf8 31. h5 Bf7 32. h6 g5 33. Rd1 Bb6 34. Rdd7 Bg6 35. Rd3 Rf6 36. Re5 g4 37. fxg4 Bc7 38. Rf5 Bxf5 39. exf5 Rxh6 40. Kb3 Rh4 41. Rd4 Be5 42. Ra4 Kb6 43. Rb4+ Kc5 44. Ra4 Bb8 45. Rc4+ Kd5 46. Rc8 Bd6 47. Rg8 Rh3 48. Ra8 Bc5 49. Rg8 h6 50. g5 hxg5 51. Rxg5 Bd4 52. f6+ Ke6 53. f7 Rxc3+ 54. Kb4 Rf3 55. Kc4 Bf2 56. a4 Rxf7 57. Rg6+ Rf6 58. Rg8 Kd6 59. Kb5 Kd5 60. a5 a6+ 61. Ka4 Rf4+ 62. Kb3 Kc5 63. Rb8 Be1 64. Rb6 Rb4+  0-1

[Event "Skakligaen"]
[Site "Danmark"]
[Date "2019.01.12"]
[Round "5.1"]
[White "Hector, Jonny"]
[Black "Hansen, Sune Berg"]
[Result "1/2-1/2"]
[WhiteElo "2468"]
[BlackElo "2587"]
[EventDate "2018.10.27"]
[EventType "team-tourn"]
[EventRounds "9"]
[EventCountry "Danmark"]
[WhiteTeam "Nordkalotten"]
[BlackTeam "Hillerod"]
[WhiteTeamCountry "DEN"]
[BlackTeamCountry "DEN"]
[WhiteFideId "1700090"]
[BlackFideId "1400266"]

1. e4 e5 2. Nf3 Nf6 3. Nxe5 d6 4. Nf3 Nxe4 5. d4 d5 6. Bd3 Be7 7. O-O Nc6 8. c4 Nb4 9. Be2 O-O 10. Nc3 Bf5 11. Bf4 dxc4 12. Bxc4 Nxc3 13. bxc3 Nd5 14. Bd2 c6 15. Re1 Bd6 16. Ne5 f6 17. Ng4 Kh8 18. Qf3 Qd7 19. h3 Rae8 20. Bb3 b5 21. a4 a6 22. c4 Rxe1+ 23. Rxe1 bxc4 24. Bxc4 Bb4 25. Bxb4 Nxb4 26. Ne3 Bg6 27. Rd1 a5 28. Bb3 Re8 29. Nc4 Qc7 30. h4 h6 31. Qg4 Bh7 32. Qh5 Ra8 33. Re1 Bg8 34. Re8 Rxe8 35. Qxe8 Nd5 36. Ne3 Qb7 37. Nxd5 cxd5 38. Qb5 Qc7 39. g3 Qc1+ 40. Kg2 Qb1 41. h5 Qe4+ 42. Kg1 Qb1+ 43. Kg2 f5 44. Kh2 f4 45. gxf4 Qb2 46. Kg2 Qxd4 47. Qb8 Qe4+ 48. Kg3 Qb1 49. Kg2 Qd3 50. Qb5 Qf5 51. Bd1 Qxf4 52. Qxa5 Qg5+  1/2-1/2

[Event "Skakligaen"]
[Site "Danmark"]
[Date "2019.01.12"]
[Round "5.2"]
[White "Schandorff, Lars"]
[Black "Kristensen, Kaare Hove"]
[Result "1-0"]
[WhiteElo "2496"]
[BlackElo "2254"]
[EventDate "2018.10.27"]
[EventType "team-tourn"]
[EventRounds "9"]
[EventCountry "Danmark"]
[WhiteTeam "Hillerod"]
[BlackTeam "Nordkalotten"]
[WhiteTeamCountry "DEN"]
[BlackTeamCountry "DEN"]
[WhiteFideId "1400070"]
[BlackFideId "1400940"]

1. d4 d5 2. c4 e6 3. Nf3 c5 4. cxd5 exd5 5. g3 Nc6 6. Bg2 Nf6 7. O-O c4 8. b3 cxb3 9. Qxb3 Be7 10. Bg5 O-O 11. Nc3 Na5 12. Qc2 Be6 13. Rfc1 Rc8 14. Qd3 h6 15. Bxf6 Bxf6 16. Nd2 Qd7 17. Nb3 Nxb3 18. axb3 b6 19. e3 Be7 20. Ne2 Bd6 21. Qa6 Bb8 22. Rc3 g5 23. Rac1 Rxc3 24. Rxc3 f5 25. b4 Kg7 26. b5 f4 27. exf4 gxf4 28. Nxf4 Bxf4 29. gxf4 Rxf4 30. Re3 Bf7 31. Qa3 Qf5 32. Rg3+ Rg4 33. Qxa7 Rxg3 34. hxg3 Qe6 35. Qc7 Kf6 36. Kh2 Be8 37. Qd8+ Kg7 38. Bxd5 Qe2 39. Qc7+ Kh8 40. Kg2 Qxb5 41. Qe5+ Kh7 42. Qe7+ Kg6 43. Be4+ Kh5 44. Qh4#  1-0

[Event "Skakligaen"]
[Site "Danmark"]
[Date "2019.01.12"]
[Round "5.6"]
[White "Nordenbaek, Jan"]
[Black "Nielsen, Lars Aaes"]
[Result "1-0"]
[WhiteElo "2188"]
[BlackElo "2229"]
[EventDate "2018.10.27"]
[EventType "team-tourn"]
[EventRounds "9"]
[EventCountry "Danmark"]
[WhiteTeam "Hillerod"]
[BlackTeam "Nordkalotten"]
[WhiteTeamCountry "DEN"]
[BlackTeamCountry "DEN"]
[WhiteFideId "1401475"]
[BlackFideId "1401726"]

1. e4 e6 2. d4 d5 3. Nd2 c5 4. exd5 exd5 5. Bb5+ Nc6 6. Qe2+ Qe7 7. dxc5 Qxe2+ 8. Nxe2 Bxc5 9. Nb3 Bd6 10. Bf4 Bxf4 11. Nxf4 Nge7 12. O-O-O a6 13. Be2 O-O 14. Nxd5 Nxd5 15. Rxd5 Be6 16. Rd2 Nb4 17. Kb1 a5 18. Nc1 Rac8 19. a3 Nc6 20. Nb3 Bf5 21. Bd3 Bxd3 22. Rxd3 Rfe8 23. Rhd1 Ne5 24. Re3 a4 25. Nd4 f6 26. h3 Nc4 27. Rxe8+ Rxe8 28. Ka2 Nd6 29. Rd2 Kf7 30. Re2 Rd8 31. c3 Nc4 32. Kb1 g6 33. Kc2 Rd6 34. f4 Rb6 35. Kc1 h5 36. g4 hxg4 37. hxg4 Rd6 38. Re4 Nb6 39. Nc2 f5 40. gxf5 gxf5 41. Rb4 Kg6 42. Ne3 Re6 43. Kd2 Rd6+ 44. Ke2 Re6 45. Kf3 Rc6 46. Rb5 Rf6 47. Nxf5 Nc4 48. Ne3 Nd2+ 49. Kg4  1-0

[Event "Skakligaen"]
[Site "Danmark"]
[Date "2019.01.13"]
[Round "6.1"]
[White "Teplyi, Igor"]
[Black "Thybo, Jesper Sondergaard"]
[Result "1/2-1/2"]
[WhiteElo "2417"]
[BlackElo "2525"]
[EventDate "2018.10.27"]
[EventType "team-tourn"]
[EventRounds "9"]
[EventCountry "Danmark"]
[WhiteTeam "SK1968"]
[BlackTeam "Jetsmark"]
[WhiteTeamCountry "DEN"]
[BlackTeamCountry "DEN"]
[WhiteFideId "1413767"]
[BlackFideId "1438832"]

1. c4 c5 2. Nf3 Nf6 3. Nc3 d5 4. cxd5 Nxd5 5. d4 Nxc3 6. bxc3 g6 7. e4 Bg7 8. h3 O-O 9. Be2 b6 10. Be3 Bb7 11. Qd3 e6 12. O-O Nd7 13. Rfd1 Rc8 14. a4 a6 15. Rab1 Qc7 16. d5 c4 17. Qc2 Nc5 18. Bxc4 Nxe4  1/2-1/2

[Event "Skakligaen"]
[Site "Danmark"]
[Date "2019.01.13"]
[Round "6.2"]
[White "Rasmussen, Allan Stig"]
[Black "Matthiesen, Martin"]
[Result "1-0"]
[WhiteElo "2547"]
[BlackElo "2251"]
[EventDate "2018.10.27"]
[EventType "team-tourn"]
[EventRounds "9"]
[EventCountry "Danmark"]
[WhiteTeam "Jetsmark"]
[BlackTeam "SK1968"]
[WhiteTeamCountry "DEN"]
[BlackTeamCountry "DEN"]
[WhiteFideId "1406000"]
[BlackFideId "1404067"]

1. d4 d5 2. c4 c6 3. Nf3 Nf6 4. Qc2 dxc4 5. Qxc4 Bg4 6. Nc3 Nbd7 7. e4 Bxf3 8. gxf3 e5 9. Be3 Nh5 10. O-O-O Qf6 11. dxe5 Nxe5 12. Qb3 Bd6 13. Kb1 Qe7 14. f4 Ng6 15. e5 Bb4 16. Rd4 Bc5 17. Re4 Nh4 18. Be2 g6 19. e6 f5 20. Nd5 Qd6 21. Bxc5 Qxc5 22. Nc7+  1-0

[Event "Skakligaen"]
[Site "Danmark"]
[Date "2019.01.13"]
[Round "6.1"]
[White "Rostgaard, Tobias Valentin"]
[Black "Persson, Tiger Hillarp"]
[Result "1-0"]
[WhiteElo "2388"]
[BlackElo "2558"]
[EventDate "2018.10.27"]
[EventType "team-tourn"]
[EventRounds "9"]
[EventCountry "Danmark"]
[WhiteTeam "BMS"]
[BlackTeam "Bronshoj"]
[WhiteTeamCountry "DEN"]
[BlackTeamCountry "DEN"]
[WhiteFideId "1408801"]
[BlackFideId "1700812"]

1. e4 c6 2. d4 d5 3. exd5 cxd5 4. c4 Nf6 5. Nc3 Nc6 6. Nf3 Be6 7. c5 g6 8. Be2 Bg7 9. O-O O-O 10. Be3 Ne4 11. Qc1 Bg4 12. Rd1 e6 13. h3 Bxf3 14. Bxf3 f5 15. Ne2 Qe7 16. Rb1 a5 17. b3 Rad8 18. a3 e5 19. Bxe4 fxe4 20. Rb2 exd4 21. Nxd4 Ne5 22. Rbd2 g5 23. Rc2 Nd3 24. Rxd3 exd3 25. Rd2 Qe4 26. Qc3 g4 27. hxg4 Qxg4 28. Qxd3 Rf6 29. Qe2 Qe4 30. Bg5 Re8 31. Qxe4 dxe4 32. Bxf6 Bxf6 33. Nf5 Re5 34. Nh6+ Kg7 35. Ng4 Rxc5 36. Rd7+ Kg6 37. Rd6 Rc6 38. Ne5+  1-0

[Event "Skakligaen"]
[Site "Danmark"]
[Date "2019.01.13"]
[Round "6.2"]
[White "Aagaard, Jacob"]
[Black "Haubro, Martin"]
[Result "1-0"]
[WhiteElo "2473"]
[BlackElo "2358"]
[EventDate "2018.10.27"]
[EventType "team-tourn"]
[EventRounds "9"]
[EventCountry "Danmark"]
[WhiteTeam "Bronshoj"]
[BlackTeam "BMS"]
[WhiteTeamCountry "DEN"]
[BlackTeamCountry "DEN"]
[WhiteFideId "1401815"]
[BlackFideId "1414291"]

1. e4 e5 2. Nf3 Nc6 3. Bb5 a6 4. Ba4 Nf6 5. O-O Be7 6. Re1 b5 7. Bb3 d6 8. c3 O-O 9. h3 Bb7 10. d4 Nd7 11. a4 Na5 12. Ba2 c5 13. Na3 exd4 14. cxd4 b4 15. Nc4 Nxc4 16. Bxc4 Bf6 17. Bf4 Nb6 18. Ba2 Re8 19. a5 Nd7 20. Bxd6 Rxe4 21. Qb3 cxd4 22. Qxf7+ Kh8 23. Be6 Rxe1+ 24. Rxe1 Bc6 25. Be7 Qxe7 26. Qxe7 Bxe7 27. Bxd7 Bxf3 28. Rxe7 Bd1 29. Kf1 g6 30. Ke1 Bb3 31. Be6 Bxe6 32. Rxe6 Rc8 33. Kd2 b3 34. Kd3 Rc2 35. Re2 Rc5 36. Kxd4 Rxa5 37. Kc4 Kg7 38. Re7+ Kf6 39. Rxh7 Re5 40. Kxb3 Re2 41. Ra7 Rxf2 42. Rxa6+ Kf7 43. g4 Rf3+ 44. Ka4 Rxh3 45. Rc6 Rg3 46. Rc4 Ke6 47. b4 Kd6 48. Kb5  1-0

[Event "Skakligaen"]
[Site "Danmark"]
[Date "2019.01.13"]
[Round "6.1"]
[White "Andersen, Mads"]
[Black "Hector, Jonny"]
[Result "1-0"]
[WhiteElo "2599"]
[BlackElo "2468"]
[EventDate "2018.10.27"]
[EventType "team-tourn"]
[EventRounds "9"]
[EventCountry "Danmark"]
[WhiteTeam "Skanderborg"]
[BlackTeam "Nordkalotten"]
[WhiteTeamCountry "DEN"]
[BlackTeamCountry "DEN"]
[WhiteFideId "1413864"]
[BlackFideId "1700090"]

1. c4 e5 2. Nc3 Bb4 3. Nd5 Be7 4. d4 d6 5. Nf3 e4 6. Nd2 f5 7. Nb1 Nf6 8. Nxe7 Qxe7 9. Nc3 Qf7 10. e3 O-O 11. Be2 d5 12. cxd5 Nxd5 13. Nxd5 Qxd5 14. b3 Be6 15. O-O Qd8 16. a4 c6 17. Ba3 Rf7 18. b4 Nd7 19. b5 Nf6 20. bxc6 bxc6 21. Qc2 Bd5 22. Rab1 Rb8 23. Rxb8 Qxb8 24. Ba6 Ng4 25. g3 h5 26. Rb1 Qd8 27. h3 Nf6 28. Qc5 h4 29. Qd6 Nd7 30. Be2 hxg3 31. fxg3 Rf6 32. Qe7 Qc7 33. Kf2 Re6 34. Qg5 Nb6 35. a5 Nc4 36. a6 Nb6 37. Bc5 Rf6 38. Qf4 Qd8 39. h4 Rf7 40. Qd6 Rd7 41. Qe5 Bf7 42. h5 Rd5 43. Qf4 Rd7 44. h6 Bd5 45. hxg7 Rxg7 46. Rh1 Qd7 47. Bxb6 axb6 48. Qb8+ Kf7 49. a7 c5 50. dxc5 bxc5 51. Rd1 Ke6 52. a8=Q  1-0

[Event "Skakligaen"]
[Site "Danmark"]
[Date "2019.01.13"]
[Round "6.2"]
[White "Kristensen, Kaare Hove"]
[Black "Ochsner, Bjorn Moller"]
[Result "0-1"]
[WhiteElo "2254"]
[BlackElo "2483"]
[EventDate "2018.10.27"]
[EventType "team-tourn"]
[EventRounds "9"]
[EventCountry "Danmark"]
[WhiteTeam "Nordkalotten"]
[BlackTeam "Skanderborg"]
[WhiteTeamCountry "DEN"]
[BlackTeamCountry "DEN"]
[WhiteFideId "1400940"]
[BlackFideId "1416928"]

1. d4 Nf6 2. c4 e6 3. Nc3 Bb4 4. f3 c5 5. d5 d6 6. e4 O-O 7. Nge2 a6 8. Nf4 exd5 9. cxd5 Nbd7 10. Be2 b5 11. O-O c4 12. Be3 Bc5 13. Bxc5 Nxc5 14. b4 cxb3 15. axb3 b4 16. Nb1 Nfd7 17. Ra2 Ne5 18. Nd3 Nexd3 19. Bxd3 a5 20. Bc4 Re8 21. Qd4 Bd7 22. Nd2 Qb6 23. Rfa1 Reb8 24. Kh1 h6 25. h3 a4 26. f4 a3 27. e5 Na4 28. Qd3 Nc3 29. Rc2 Bb5 30. e6 Ra7 31. f5 f6 32. Nf3 Bxc4 33. Qxc4 Rc7 34. Qd3 Qb5 35. Qd2 Qxd5 36. Rxc3 Qxd2 37. Rxc7 Qd3 38. Rac1 Qxf5 39. Nd4 Qe4 40. Rd7 Qxd4  0-1

[Event "Skakligaen"]
[Site "Danmark"]
[Date "2019.01.13"]
[Round "6.3"]
[White "Bjerre, Jonas Buhl"]
[Black "Sylvan, Jacob"]
[Result "1-0"]
[WhiteElo "2463"]
[BlackElo "2330"]
[EventDate "2018.10.27"]
[EventType "team-tourn"]
[EventRounds "9"]
[EventCountry "Danmark"]
[WhiteTeam "Skanderborg"]
[BlackTeam "Nordkalotten"]
[WhiteTeamCountry "DEN"]
[BlackTeamCountry "DEN"]
[WhiteFideId "1444948"]
[BlackFideId "1402137"]

1. e4 e5 2. Nf3 Nc6 3. Bb5 a6 4. Ba4 Nf6 5. O-O Be7 6. Re1 b5 7. Bb3 d6 8. c3 O-O 9. h3 Na5 10. Bc2 c5 11. d4 Qc7 12. d5 Bd7 13. b3 Nb7 14. c4 Rfe8 15. Nc3 g6 16. Bd3 b4 17. Ne2 Bf8 18. g4 h5 19. g5 Nh7 20. Kh2 Qc8 21. h4 Bg7 22. Ng3 Rf8 23. Rg1 f6 24. Nxh5 fxg5 25. Nxg7 Kxg7 26. hxg5 Rh8 27. Kg3 Bg4 28. Rh1 Bh5 29. Rxh5 gxh5 30. Nh4 Qg4+ 31. Qxg4 hxg4 32. Kxg4 Rag8 33. f4 Nf6+ 34. gxf6+ Kxf6+ 35. Kh3 Rh5 36. fxe5+ Kxe5 37. Be2 Rh7 38. Bg4 Nd8 39. Bb2+ Kf4 40. Rf1+ Ke3 41. Bc1+ Kd4 42. Bf5 Rh5 43. Rf3 Nf7 44. Bb2#  1-0

[Event "Skakligaen"]
[Site "Danmark"]
[Date "2019.01.13"]
[Round "6.1"]
[White "Hansen, Sune Berg"]
[Black "Glud, Jakob Vang"]
[Result "1/2-1/2"]
[WhiteElo "2587"]
[BlackElo "2551"]
[EventDate "2018.10.27"]
[EventType "team-tourn"]
[EventRounds "9"]
[EventCountry "Danmark"]
[WhiteTeam "Hillerod"]
[BlackTeam "Aarhus/Skolerne"]
[WhiteTeamCountry "DEN"]
[BlackTeamCountry "DEN"]
[WhiteFideId "1400266"]
[BlackFideId "1407767"]

1. e4 e5 2. Nf3 Nc6 3. Bb5 a6 4. Ba4 Nge7 5. c3 d6 6. d4 Bd7 7. Bb3 h6 8. Be3 g6 9. a4 Bg7 10. dxe5 Nxe5 11. O-O Nxf3+ 12. Qxf3 O-O 13. Bd4 Nc6 14. Bxg7 Kxg7 15. Nd2 Qg5 16. Qd1 Bh3 17. Qf3 Bxg2 18. Qxg2 Qxd2 19. f4 Qxg2+ 20. Kxg2 f5 21. Rae1 Rae8 22. exf5 Rxe1 23. Rxe1 Rxf5 24. Re8 Rf8 25. Re4 Rf5 26. Re8 Na5 27. Ba2 Rxf4 28. Re7+ Kf6 29. Rxc7 Rxa4 30. Bg8 b5 31. Rd7 Nc4 32. Bxc4 bxc4 33. Rxd6+ Kf5 34. Kg3 Ra2 35. Rb6 a5 36. Kf3 a4 37. Rb5+ Kf6 38. h4 a3 39. Rb6+ Kf7 40. Rb7+ Kf8 41. Rb8+ Ke7 42. Rb7+ Ke8 43. Rb8+ Kd7 44. bxa3 Rxa3 45. Rb7+ Kc6 46. Rg7 Rxc3+ 47. Kf4 Rd3 48. Rxg6+ Rd6 49. h5 Kd5 50. Rxd6+ Kxd6 51. Ke3 Ke5 52. Kd2 Kf5 53. Kc3 Kg4 54. Kxc4 Kxh5  1/2-1/2

[Event "Skakligaen"]
[Site "Danmark"]
[Date "2019.01.13"]
[Round "6.2"]
[White "Hagen, Andreas Skytte"]
[Black "Schandorff, Lars"]
[Result "1/2-1/2"]
[WhiteElo "2367"]
[BlackElo "2496"]
[EventDate "2018.10.27"]
[EventType "team-tourn"]
[EventRounds "9"]
[EventCountry "Danmark"]
[WhiteTeam "Aarhus/Skolerne"]
[BlackTeam "Hillerod"]
[WhiteTeamCountry "DEN"]
[BlackTeamCountry "DEN"]
[WhiteFideId "1407341"]
[BlackFideId "1400070"]

1. e4 e5 2. Nf3 Nc6 3. Bb5 a6 4. Ba4 Nf6 5. O-O Be7 6. Re1 b5 7. Bb3 d6 8. c3 O-O 9. h3 Na5 10. Bc2 c5 11. d4 Qc7 12. Nbd2 Bd7 13. Nf1 Rfe8 14. b3 cxd4 15. cxd4 Rac8 16. Ne3 Nc6 17. Bb2 Bf8 18. dxe5 dxe5 19. Rc1 Qd8 20. Bb1 g6 21. Qe2 Bg7 22. Red1 Qb6 23. Rc2 Rcd8 24. Rcd2 Qb8 25. a3 Be6 26. b4 Rxd2 27. Rxd2 Nd7  1/2-1/2

[Event "Skakligaen"]
[Site "Danmark"]
[Date "2019.01.13"]
[Round "6.6"]
[White "Christensen, Tobias"]
[Black "Nordenbaek, Jan"]
[Result "1/2-1/2"]
[WhiteElo "2351"]
[BlackElo "2188"]
[EventDate "2018.10.27"]
[EventType "team-tourn"]
[EventRounds "9"]
[EventCountry "Danmark"]
[WhiteTeam "Aarhus/Skolerne"]
[BlackTeam "Hillerod"]
[WhiteTeamCountry "DEN"]
[BlackTeamCountry "DEN"]
[WhiteFideId "1400673"]
[BlackFideId "1401475"]

1. d4 d5 2. Bf4 Nf6 3. e3 c5 4. Nc3 cxd4 5. exd4 a6 6. Nf3 Bg4 7. h3 Bxf3 8. Qxf3 e6 9. Be5 Nc6 10. Bxf6 Qxf6 11. Qxf6  1/2-1/2

[Event "Skakligaen"]
[Site "Danmark"]
[Date "2019.01.13"]
[Round "6.7"]
[White "Svenninggaard, Thomas"]
[Black "Ochsner, Thomas"]
[Result "1/2-1/2"]
[WhiteElo "2124"]
[BlackElo "2261"]
[EventDate "2018.10.27"]
[EventType "team-tourn"]
[EventRounds "9"]
[EventCountry "Danmark"]
[WhiteTeam "Hillerod"]
[BlackTeam "Aarhus/Skolerne"]
[WhiteTeamCountry "DEN"]
[BlackTeamCountry "DEN"]
[WhiteFideId "1406302"]
[BlackFideId "1400711"]

1. e4 e5 2. Nf3 Nc6 3. Bb5 a6 4. Ba4 Nf6 5. d3 d6 6. h3 b5 7. Bb3 Na5 8. Bg5 Be7 9. O-O O-O 10. Nbd2 h6 11. Bxf6 Bxf6 12. Re1 Bb7 13. Nf1 Nxb3 14. axb3 g6 15. c4 Bg7 16. Qd2 c6 17. Ng3 Qb6 18. h4 Bc8 19. h5 Be6 20. Qa5 Qxa5 21. Rxa5 Rfb8 22. hxg6 fxg6 23. Rea1 bxc4 24. bxc4 Bc8 25. c5 dxc5 26. Rxc5 Rxb2 27. Rxc6 a5 28. Rxg6 Kf7 29. Rc6 Bd7 30. Rc7 Ke8 31. Nh5 Bh8 32. Ra3 a4 33. Nh4 Kd8 34. Rc4 Be8 35. g4 Rc8 36. Rxc8+ Kxc8 37. Nf5 Kc7 38. Ne3 Rb3 39. Nc4 Rxa3 40. Nxa3 Kc6 41. Kf1 Kc5 42. Nc2 Bxh5 43. gxh5 Bf6 44. Ke2 Bg5 45. d4+ exd4 46. Kd3  1/2-1/2

[Event "Skakligaen"]
[Site "Danmark"]
[Date "2019.01.13"]
[Round "6.1"]
[White "Banusz, Tamas"]
[Black "Rodgaard, John"]
[Result "1-0"]
[WhiteElo "2614"]
[BlackElo "2281"]
[EventDate "2018.10.27"]
[EventType "team-tourn"]
[EventRounds "9"]
[EventCountry "Danmark"]
[WhiteTeam "Koge"]
[BlackTeam "Evans"]
[WhiteTeamCountry "DEN"]
[BlackTeamCountry "DEN"]
[WhiteFideId "722413"]
[BlackFideId "7200013"]

1. d4 d5 2. Nf3 Nf6 3. g3 e6 4. Bg2 Be7 5. c4 O-O 6. Nc3 dxc4 7. Ne5 c5 8. dxc5 Qxd1+ 9. Nxd1 Bxc5 10. Nc3 Nc6 11. Nxc4 e5 12. Bxc6 bxc6 13. Na4 Bd4 14. Be3 Ba6 15. Rc1 Rfb8 16. b3 Bxc4 17. Rxc4 Bxe3 18. fxe3 Nd5 19. Kf2 Ne7 20. Rd1 Rd8 21. Rd3 f6 22. Rb4 Nd5 23. Rc4 Rac8 24. e4 Ne7 25. Rb4 Rxd3 26. exd3 Rc7 27. Rb8+ Kf7 28. Nc5 f5 29. Ke3 fxe4 30. dxe4 Ng8 31. Nd3 Nf6 32. Nxe5+ Ke6 33. Nf3 c5 34. Rb5 c4 35. Nd4+ Kf7 36. bxc4 Rxc4 37. e5 Ng4+ 38. Ke4 Rc7 39. Rb2 Re7 40. e6+ Kg6 41. Kd5 Re8 42. Rb7 Nxh2 43. e7 Kf6 44. Nc6 h5 45. Kd6 Kf7 46. Rb5 g6 47. Rb4 Ng4 48. Rf4+ Kg7 49. Kd7 Rg8 50. Rxg4 hxg4 51. Ne5 g5 52. e8=Q Rxe8 53. Kxe8 Kf6 54. Nxg4+ Kf5 55. Nf2 a5 56. Kd7 Ke5 57. Kc6 Kd4 58. Kb5  1-0

[Event "Skakligaen"]
[Site "Danmark"]
[Date "2019.01.13"]
[Round "6.2"]
[White "Kristensen, Leif Sogaard"]
[Black "Sengupta, Deep"]
[Result "0-1"]
[WhiteElo "2309"]
[BlackElo "2551"]
[EventDate "2018.10.27"]
[EventType "team-tourn"]
[EventRounds "9"]
[EventCountry "Danmark"]
[WhiteTeam "Evans"]
[BlackTeam "Koge"]
[WhiteTeamCountry "DEN"]
[BlackTeamCountry "DEN"]
[WhiteFideId "1406809"]
[BlackFideId "5008352"]

1. e4 e6 2. d4 d5 3. Nd2 Nf6 4. e5 Nfd7 5. Ngf3 c5 6. c4 Nc6 7. cxd5 exd5 8. Bd3 cxd4 9. O-O Nc5 10. Nb3 Nxb3 11. axb3 Be7 12. Re1 Qb6 13. h3 Be6 14. Bg5 Bc5 15. Rc1 h6 16. Bd2 Be7 17. Nh2 O-O-O 18. f4 g6 19. Nf3 Kb8 20. Rf1 Bb4 21. g4 Bxd2 22. Qxd2 Bc8 23. Kg2 h5 24. Kg3 hxg4 25. hxg4 Nb4 26. Ng5 Rhf8 27. Rce1 Bd7 28. Rf3 Rc8 29. Nh7 Rfd8 30. Nf6 Rc7 31. f5 gxf5 32. gxf5 Nxd3 33. Qxd3 Bb5 34. Qd2 d3 35. Qf4 Ka8 36. Rf2 a6 37. Rc1 Rxc1 38. Qxc1 Ka7 39. Qf4 Bc6 40. e6 fxe6 41. fxe6 Rf8 42. e7 Rf7 43. Qe5 Qc5 44. e8=Q Bxe8 45. Qxe8 d2 46. Qxf7 d1=Q 47. Ng4 Qcd4 48. Qd7 Qxb3+  0-1

[Event "Skakligaen"]
[Site "Danmark"]
[Date "2019.01.13"]
[Round "6.3"]
[White "Brunello, Sabino"]
[Black "Borovnica, Tihomir"]
[Result "1-0"]
[WhiteElo "2538"]
[BlackElo "2226"]
[EventDate "2018.10.27"]
[EventType "team-tourn"]
[EventRounds "9"]
[EventCountry "Danmark"]
[WhiteTeam "Koge"]
[BlackTeam "Evans"]
[WhiteTeamCountry "DEN"]
[BlackTeamCountry "DEN"]
[WhiteFideId "813613"]
[BlackFideId "1434888"]

1. c4 g6 2. d4 Nf6 3. Nc3 Bg7 4. e4 d6 5. f3 O-O 6. Be3 c5 7. Nge2 Qa5 8. Nc1 Na6 9. Nb3 Qc7 10. Rc1 b6 11. g4 Nb4 12. h4 Nc6 13. d5 Ne5 14. Be2 a6 15. a4 Qd7 16. h5 Rb8 17. Nd2 Qd8 18. Nf1 b5 19. axb5 Qa5 20. Bd2 axb5 21. Nxb5 Qa2 22. Ra1 Qxb2 23. Bc3 Rxb5 24. Bxb2 Rxb2 25. Rb1 Ra2 26. Qb3 Ra7 27. Ng3 Bd7 28. h6 Bh8 29. g5 Ne8 30. O-O f5 31. f4 Ng4 32. Bxg4 Bd4+ 33. Kg2 fxg4 34. f5 gxf5 35. Nxf5 Bxf5 36. Rxf5 Rxf5 37. exf5 Be5 38. Re1 Bf4 39. Re4  1-0

[Event "Skakligaen"]
[Site "Danmark"]
[Date "2019.01.13"]
[Round "6.4"]
[White "Kristensen, Bjarke Hautop"]
[Black "Rozentalis, Eduardas"]
[Result "0-1"]
[WhiteElo "2223"]
[BlackElo "2539"]
[EventDate "2018.10.27"]
[EventType "team-tourn"]
[EventRounds "9"]
[EventCountry "Danmark"]
[WhiteTeam "Evans"]
[BlackTeam "Koge"]
[WhiteTeamCountry "DEN"]
[BlackTeamCountry "DEN"]
[WhiteFideId "1437747"]
[BlackFideId "12800023"]

1. Nf3 Nf6 2. c4 e6 3. Nc3 Bb4 4. Qc2 O-O 5. a3 Bxc3 6. Qxc3 d6 7. e3 e5 8. d4 e4 9. Nd2 Re8 10. b4 d5 11. Bb2 Nbd7 12. Qc2 Nf8 13. cxd5 Nxd5 14. g3 Bf5 15. Bg2 Qd7 16. O-O Bh3 17. Bxe4 Bxf1 18. Rxf1 a5 19. Qb3 c6 20. Bg2 axb4 21. axb4 b5 22. e4 Nb6 23. d5 cxd5 24. exd5 Rad8 25. Ne4 Nc4 26. Ba1 Qf5 27. Qd3 Kh8 28. Rd1 f6 29. f4 Ra8 30. Bc3 Ra3 31. Qd4 Ra2 32. Bf3 Nd7 33. Rd3 Nde5 34. fxe5 Nxe5 35. Qe3 Nxf3+ 36. Qxf3 Qxf3 37. Rxf3 Rxe4 38. d6 Kg8 39. Rd3 Re8 40. Rd5 Rd8 41. Bd4 Rd2 42. Kf1 Kf7 43. Ke1 Ke6 44. Kxd2 Kxd5 45. Bc5 Rxd6  0-1

[Event "Skakligaen"]
[Site "Danmark"]
[Date "2019.01.13"]
[Round "6.5"]
[White "Smith, Axel"]
[Black "Skaanning Pedersen, Kim Henrik"]
[Result "1-0"]
[WhiteElo "2487"]
[BlackElo "2200"]
[EventDate "2018.10.27"]
[EventType "team-tourn"]
[EventRounds "9"]
[EventCountry "Danmark"]
[WhiteTeam "Koge"]
[BlackTeam "Evans"]
[WhiteTeamCountry "DEN"]
[BlackTeamCountry "DEN"]
[WhiteFideId "1707930"]
[BlackFideId "1403699"]

1. e4 d5 2. exd5 Qxd5 3. Nc3 Qd6 4. d4 Nf6 5. Nf3 g6 6. Bg5 Bg7 7. Qd2 a6 8. Bd3 O-O 9. O-O Nc6 10. Bf4 Qd8 11. Be2 Nb4 12. Rad1 Bf5 13. a3 Nbd5 14. Nxd5 Nxd5 15. Bg5 b5 16. Rfe1 Qd6 17. c4 bxc4 18. Bxc4 Nf6 19. Bf4 Qd8 20. Ne5 Be4 21. d5 Re8 22. f3 Bf5 23. d6 e6 24. d7 Re7 25. g4  1-0

[Event "Skakligaen"]
[Site "Danmark"]
[Date "2019.01.13"]
[Round "6.6"]
[White "Skjoldager, Per"]
[Black "Antonsen, Mikkel"]
[Result "0-1"]
[WhiteElo "2049"]
[BlackElo "2435"]
[EventDate "2018.10.27"]
[EventType "team-tourn"]
[EventRounds "9"]
[EventCountry "Danmark"]
[WhiteTeam "Evans"]
[BlackTeam "Koge"]
[WhiteTeamCountry "DEN"]
[BlackTeamCountry "DEN"]
[WhiteFideId "1408828"]
[BlackFideId "1401378"]

1. e4 e6 2. d4 d5 3. Nc3 Bb4 4. e5 Qd7 5. Qg4 Bf8 6. Bd3 b6 7. Nce2 Ba6 8. Qg3 Ne7 9. Bxa6 Nxa6 10. c3 c5 11. Qd3 Nc7 12. f4 Qb5 13. Qxb5+ Nxb5 14. a4 Nc7 15. Nf3 Nc6 16. Be3 Na5 17. Nd2 f5 18. exf6 gxf6 19. Nc1 Kf7 20. Nd3 Nc4 21. Nxc4 dxc4 22. Nc1 Nd5 23. Kf2 cxd4 24. cxd4 Bh6 25. Ne2 Rac8 26. Bd2 Rhd8 27. Rhd1 f5 28. Kf3 Bg7 29. Be1 Bf6 30. Rac1 a6 31. Rc2 b5 32. axb5 axb5 33. Ra1 Rd7 34. Ra5 Rb8 35. Rc1 Ne7 36. Nc3 Nc6 37. Ra6 Nxd4+ 38. Ke3 Rbd8 39. Rb6 Nb3 40. Rc2 Bd4+  0-1